| 000 | 00726nam a22002531 4500 | ||
|---|---|---|---|
| 001 | 10844 | ||
| 003 | BD-RjUL | ||
| 005 | 20211208235027.0 | ||
| 008 | 140125t1949 enk b 001 0 eng | ||
| 035 | _a(BD-RjUL)10893 | ||
| 040 |
_aDLC/ICU _cICU _dDLC _dBD-RjUL _beng |
||
| 041 | _aeng | ||
| 082 | 0 | 0 |
_a547.85 _216 _bSAA 1949 |
| 100 | 1 |
_aSaunders, K. H. _q(Kenneth Herbert) _933521 |
|
| 245 | 1 | 4 |
_aThe aromatic diazo-compounds and their technical applications / _cby K. H. Saunders. |
| 250 | _a2d ed. | ||
| 260 |
_aLondon : _bArnold, _c1949 |
||
| 300 |
_axi, 442 p. ; _c24 cm. |
||
| 504 | _aInclude index. | ||
| 650 | 0 |
_aDiazo compounds. _933522 |
|
| 942 |
_2ddc _cBK |
||
| 999 |
_c10844 _d10844 |
||